=LDR 00000nam 2200000 4500 =001 INLIS000000000015072 =005 20130612110344 =008 ***********************************Ind** =035 ##$$0010-061300000015072 =041 ##$$a Ind =082 ##$$a 646.3 =090 ##$$a 646.3, RAH-t =100 ##$$a Rahayu, Ida Hj =245 ##$$a Tata Busana untuk SLTP =260 ##$$a 1997 $b Bandung =300 ##$$a Jilid, Ilus, 21 cm =650 ##$$a Pakaian, Studi dan Pengajaran] =700 ##$$a Supratika Agt, Rastumi Deli =850 ##$$a NBPNMAT =990 ##$$a 2090101324/BPAP-NTB/2015